<?xml version="1.0" encoding="UTF-8"?>
<record
    xmlns:xsi="http://www.w3.org/2001/XMLSchema-instance"
    xsi:schemaLocation="http://www.loc.gov/MARC21/slim http://www.loc.gov/standards/marcxml/schema/MARC21slim.xsd"
    xmlns="http://www.loc.gov/MARC21/slim">

  <leader>00906nam a22001937a 4500</leader>
  <controlfield tag="005">20250605111943.0</controlfield>
  <datafield tag="010" ind1=" " ind2=" ">
    <subfield code="a">HIN-129775</subfield>
  </datafield>
  <datafield tag="020" ind1=" " ind2=" ">
    <subfield code="a">9789381513187</subfield>
    <subfield code="c">1295.00</subfield>
  </datafield>
  <datafield tag="035" ind1=" " ind2=" ">
    <subfield code="a">HN-102121</subfield>
  </datafield>
  <datafield tag="037" ind1=" " ind2=" ">
    <subfield code="b">DBAD</subfield>
  </datafield>
  <datafield tag="082" ind1=" " ind2=" ">
    <subfield code="a">954.021</subfield>
  </datafield>
  <datafield tag="100" ind1=" " ind2=" ">
    <subfield code="a">&#x92C;&#x926;&#x93E;&#x92F;&#x942;&#x928;&#x940;, &#x92E;&#x941;&#x932;&#x94D;&#x932;&#x93E; &#x905;&#x92C;&#x94D;&#x926;&#x941;&#x932; &#x915;&#x93E;&#x926;&#x93F;&#x930; </subfield>
    <subfield code="9">81703</subfield>
  </datafield>
  <datafield tag="245" ind1=" " ind2=" ">
    <subfield code="a">&#x92E;&#x941;&#x928;&#x94D;&#x924;&#x916;&#x93F;&#x92C; &#x909;&#x924; &#x924;&#x935;&#x93E;&#x930;&#x940;&#x916;/</subfield>
    <subfield code="c">&#x92C;&#x926;&#x93E;&#x92F;&#x942;&#x928;&#x940; &#x92E;&#x941;&#x932;&#x94D;&#x932;&#x93E; &#x905;&#x92C;&#x94D;&#x926;&#x941;&#x932; &#x915;&#x93E;&#x926;&#x93F;&#x930; </subfield>
    <subfield code="b"> </subfield>
  </datafield>
  <datafield tag="250" ind1=" " ind2=" ">
    <subfield code="a">&#x92A;&#x94D;&#x930;&#x925;&#x92E; </subfield>
  </datafield>
  <datafield tag="260" ind1=" " ind2=" ">
    <subfield code="a"> &#x928;&#x908;  &#x926;&#x93F;&#x932;&#x94D;&#x932;&#x940;  </subfield>
    <subfield code="b">&#x938;&#x947;&#x917;&#x92E;&#x947;&#x928;&#x94D;&#x91F; &#x92C;&#x941;&#x915;&#x94D;&#x938; </subfield>
    <subfield code="c">2021</subfield>
  </datafield>
  <datafield tag="270" ind1=" " ind2=" ">
    <subfield code="a">22 &#x92A;&#x94D;&#x930;&#x915;&#x93E;&#x936;&#x926;&#x940;&#x92A;, &#x92A;&#x94D;&#x930;&#x925;&#x92E; &#x924;&#x932;,&#x921;&#x940;. &#x90F;&#x92E;. &#x90F;. &#x930;&#x94B;&#x921;, &#x926;&#x930;&#x93F;&#x92F;&#x93E;&#x917;&#x902;&#x91C; </subfield>
    <subfield code="b"> &#x928;&#x908; &#x926;&#x93F;&#x932;&#x94D;&#x932;&#x940;</subfield>
    <subfield code="e">110002 </subfield>
  </datafield>
  <datafield tag="300" ind1=" " ind2=" ">
    <subfield code="a">339&#x92A;&#x943;.</subfield>
    <subfield code="c">25&#x938;&#x947;&#x92E;&#x940; (&#x938;&#x91C;&#x93F;&#x932;&#x94D;&#x926; )</subfield>
  </datafield>
  <datafield tag="942" ind1=" " ind2=" ">
    <subfield code="2">ddc</subfield>
    <subfield code="c">HN</subfield>
    <subfield code="h">954.021</subfield>
    <subfield code="k"> </subfield>
    <subfield code="m">&#x92C;&#x926;&#x93E;&#x92F;&#x942;</subfield>
  </datafield>
  <datafield tag="999" ind1=" " ind2=" ">
    <subfield code="c">211604</subfield>
    <subfield code="d">211604</subfield>
  </datafield>
</record>
